[Event "Gibraltar Masters"]
[Site "Catalan Bay ENG"]
[Date "2003.01.28"]
[Round "1"]
[White "McShane,L"]
[Black "Schmitz,Ma"]
[Result "1-0"]
[WhiteElo "2568"]
[BlackElo "2111"]

1.e4 e6 2.d4 d5 3.Nd2 Nf6 4.e5 Nfd7 5.c3 c5 6.f4 Nc6 7.Ndf3 Qb6 8.a3 cxd4
9.cxd4 f6 10.b4 Be7 11.Bd3 O-O 12.Ne2 Kh8 13.h4 fxe5 14.dxe5 a5 15.b5 Nd8
16.Bb1 Nc5 17.Be3 Qxb5 18.Bxc5 Qxc5 19.Qd3 g6 20.h5 Qc4 21.hxg6 Qxd3 22.Rxh7+ Kg8
23.Bxd3 Re8 24.Ng3  1-0

[Event "Gibraltar Masters"]
[Site "Catalan Bay ENG"]
[Date "2003.01.30"]
[Round "3"]
[White "McShane,L"]
[Black "Epishin,V"]
[Result "1/2-1/2"]
[WhiteElo "2568"]
[BlackElo "2626"]

1.e4 c5 2.Nf3 e6 3.b3 b6 4.d4 cxd4 5.Nxd4 Bb7 6.Nb5 Nc6 7.Ba3 Bxa3 8.N1xa3 d5
9.c4 Nf6 10.exd5 exd5 11.cxd5 Nb4 12.Qe2+ Kf8 13.O-O-O a6 14.Nd4 Nbxd5 15.Qe5 b5
16.Nac2 Qb8 17.Qxb8+  1/2-1/2

[Event "Gibraltar Masters"]
[Site "Catalan Bay ENG"]
[Date "2003.02.05"]
[Round "9"]
[White "McShane,L"]
[Black "Short,N"]
[Result "0-1"]
[WhiteElo "2568"]
[BlackElo "2690"]

1.e4 e5 2.Nf3 Nc6 3.Bb5 a6 4.Ba4 Nf6 5.O-O Be7 6.Re1 b5 7.Bb3 d6 8.c3 O-O
9.h3 Na5 10.Bc2 c5 11.d4 Qc7 12.Nbd2 cxd4 13.cxd4 Bd7 14.Nf1 Rac8 15.Ne3 Nc6
16.d5 Nb4 17.Bb1 a5 18.Nd2 g6 19.a3 Na6 20.b3 Nh5 21.Bb2 Ng7 22.b4 f5 23.exf5 gxf5
24.Qb3 a4 25.Qd3 Bg5 26.g3 Rce8 27.h4 Bd8 28.Bc2 Rf6 29.Kh2 Rg6 30.Rac1 Qa7
31.Qf1 Bb6 32.Nf3 Rf8 33.Ng5 Nc7 34.Rcd1 f4 35.Bxg6 hxg6 36.Qd3 fxe3 37.Qxg6 Bf5
38.Qxd6 Nce8 39.Qxe5 exf2 40.Rf1 Nf6 41.Kh1 Ng4 42.Qd6 Be3 43.Kg2 Bxg5 44.hxg5 Qe3
45.Qc7 Qe4+ 46.Kh3 Ne3+  0-1

[Event "Gibraltar Masters"]
[Site "Catalan Bay ENG"]
[Date "2003.02.06"]
[Round "10"]
[White "McShane,L"]
[Black "Tiviakov,S"]
[Result "0-1"]
[WhiteElo "2568"]
[BlackElo "2635"]

1.e4 c5 2.Nf3 d6 3.Bc4 Nf6 4.d3 e6 5.Bb3 Be7 6.c3 O-O 7.O-O Nc6 8.Qe2 b5
9.d4 cxd4 10.cxd4 a5 11.e5 dxe5 12.dxe5 Nd7 13.Rd1 b4 14.Bc2 Qc7 15.Bf4 Ba6
16.Qe4 g6 17.Nbd2 Rfd8 18.Rac1 Nc5 19.Qe3 Nd3 20.Bxd3 Rxd3 21.Qe4 Rd5 22.Nc4 Bxc4
23.Qxc4 Rad8 24.Rxd5 Rxd5 25.Be3 Qd7 26.Kf1 Rd1+ 27.Ke2 Rxc1 28.Bxc1 Bf8
29.b3 Bg7 30.Bf4 h6 31.h4 Ne7 32.Be3 Nd5 33.Bd4 Nf4+ 34.Kf1 Qb7 35.Bb2 g5
36.hxg5 hxg5 37.Bc1 Qd7 38.Bxf4 Qd1+ 39.Ne1 gxf4 40.Qc8+ Bf8 41.Qa8 Qd4 42.Qxa5 Bc5
43.Qa8+ Kg7 44.Qf3 Qxe5 45.Qg4+ Kf8 46.Qd1 Bd6 47.Nf3 Qb5+ 48.Kg1 Ke7 49.Qc2 Qd5
50.Kf1 e5 51.Ng5 f5 52.Nf3 e4 53.Nd2 Be5 54.Nc4 Bc3 55.Qc1 Qd4 56.Kg1 e3
57.Qf1 Kf6 58.Qe2 Qe4 59.Kh2 Bd4 60.fxe3 fxe3 61.Kg1 Kg5 62.a3 Qb1+ 63.Kh2 bxa3
64.Nxa3 Qxb3 65.Nc2 Qb2 66.Qd3 Bb6 67.Qe2 Qh8+ 68.Kg1 Qh4 69.Na3 Qf4 70.Nc4 Bc5
71.Kh1 Qg4 72.Qxg4+ Kxg4 73.Kh2 e2 74.Ne5+ Kf4 75.Nf3 Bf2 76.Kh1 Kg3 77.Ng1 Bxg1  0-1

[Event "Bundesliga 2002-3"]
[Site "Emsdetten GER"]
[Date "2003.02.08"]
[Round "10"]
[White "McShane,L"]
[Black "Mueller,Matt"]
[Result "1-0"]
[WhiteElo "2568"]
[BlackElo "2395"]

1.e4 e5 2.Nf3 Nc6 3.Bb5 a6 4.Ba4 Nf6 5.O-O b5 6.Bb3 Bc5 7.c3 d6 8.a4 Rb8
9.d4 Bb6 10.axb5 axb5 11.Na3 O-O 12.Nxb5 Bg4 13.d5 Ne7 14.Bc2 Qe8 15.c4 Nxe4
16.Bxe4 f5 17.Bd3 e4 18.Be2 exf3 19.Bxf3 Qh5 20.Ra3 Ng6 21.Bxg4 fxg4 22.Be3 Bxe3
23.Rxe3 Ne5 24.b3 Rf6 25.Nd4 Rbf8 26.Rg3 Rh6 27.h3 gxh3 28.Qxh5 Rxh5 29.gxh3 Rf7
30.f4 Nd7 31.f5 h6 32.Rf4 Kh7 33.Kf2 Rg5 34.Ne6 Rxg3 35.Kxg3 Ne5 36.Rf1 Kg8
37.Kf4 g5+ 38.Ke4 Nd7 39.Ra1 Nf6+ 40.Kd4 Nh5 41.Ra8+ Kh7 42.Rc8 Nf4 43.Nxf4 gxf4
44.Ke4 f3 45.Kxf3 Rxf5+ 46.Ke4 Rf7 47.b4 Kg6 48.c5 Re7+ 49.Kd4 dxc5+ 50.Kxc5 Kf5
51.Kc6 Re4 52.Rf8+ Kg5 53.Kxc7 Rc4+ 54.Kd7 Rxb4 55.Rf3  1-0

[Event "Hrokurinn"]
[Site "Reykjavic ISL"]
[Date "2003.02.18"]
[Round "1"]
[White "McShane,L"]
[Black "Korchnoi,V"]
[Result "1/2-1/2"]
[WhiteElo "2568"]
[BlackElo "2642"]

1.e4 e6 2.d4 d5 3.Nd2 c5 4.Ngf3 Nc6 5.exd5 exd5 6.Bb5 Bd6 7.dxc5 Bxc5 8.O-O Ne7
9.Nb3 Bb6 10.Re1 O-O 11.Be3 Bxe3 12.Rxe3 Bg4 13.h3 Bh5 14.Qd2 Bxf3 15.Rxf3 Qb6
16.a4 Rad8 17.Re1 a6 18.Bd3 Ng6 19.Rfe3 Qc7 20.Bxg6 hxg6 21.Nc5 Na5 22.Qb4 b6
23.Nxa6 Qxc2 24.Rc3 Qd2 25.Rc7 Qxb4 26.Nxb4 d4 27.Nd3 Rc8 28.Ree7 Rxc7 29.Rxc7 Nb3
30.Rc6 Rb8 31.Kf1 Nc5 32.Nxc5 bxc5 33.Rxc5 Rxb2 34.Rc8+ Kh7 35.Rd8 Rb4 36.a5 Ra4
37.Rd5 d3 38.Ke1 Ra2 39.Rxd3 Rxa5 40.g3 g5 41.Kf1 Kg6 42.Kg2 f6 43.Rd4 Ra3
44.h4 gxh4 45.Rg4+ Kf7 46.Rxh4 Ra2 47.Rb4 Kg6 48.Rg4+ Kf7 49.Rb4 Kg6 50.Rg4+  1/2-1/2

[Event "Hrokurinn"]
[Site "Reykjavic ISL"]
[Date "2003.02.19"]
[Round "2"]
[White "Adams,Mi"]
[Black "McShane,L"]
[Result "1/2-1/2"]
[WhiteElo "2734"]
[BlackElo "2568"]

1.e4 e5 2.Nf3 Nc6 3.Bb5 a6 4.Ba4 Nf6 5.O-O Bc5 6.c3 b5 7.d4 bxa4 8.dxc5 Qe7
9.Qxa4 Qxc5 10.Bg5 Ng4 11.h3 h6 12.Bh4 Nf6 13.b4 Qb5 14.Qc2 g5 15.Bg3 d6
16.Nbd2 Be6 17.Rab1 Nd7 18.c4 Qb6 19.c5 dxc5 20.Nc4 Bxc4 21.Qxc4 Qb5 22.Qc2 Nd4
23.Nxd4 cxd4 24.Qxc7 f6 25.Rfc1 Ke7 26.Rc6 Qb8 27.Qa5 Rc8 28.Rbc1 Rxc6 29.Rxc6 Qb5
30.Qc7 Qb8  1/2-1/2

[Event "Hrokurinn"]
[Site "Reykjavic ISL"]
[Date "2003.02.20"]
[Round "3"]
[White "McShane,L"]
[Black "Shirov,A"]
[Result "1/2-1/2"]
[WhiteElo "2568"]
[BlackElo "2723"]

1.e4 c5 2.Nf3 Nc6 3.Bb5 g6 4.O-O Bg7 5.c3 Nf6 6.Re1 O-O 7.d4 d5 8.e5 Ne4
9.Bxc6 bxc6 10.Nbd2 Bf5 11.Nh4 e6 12.Nxf5 exf5 13.Nf1 Rb8 14.f3 Ng5 15.dxc5 Ne6
16.b4 Qc7 17.f4 d4 18.Qf3 a5 19.a3 dxc3 20.Qxc3 axb4 21.axb4 Qb7 22.Rb1 Rfd8
23.Be3 Nc7 24.Bd2 Nb5 25.Qb3 Rd5 26.Be3 Rbd8 27.Red1 h5 28.g3 h4 29.gxh4 Bh6
30.h5 Kh7 31.Rxd5 Rxd5 32.hxg6+ fxg6 33.Rb2 Nd4 34.Qc4 Qd7 35.Kf2 Qd8 36.Bxd4 Rxd4
37.Qf7+ Bg7 38.Rb3 Rxf4+ 39.Kg2 Rg4+ 40.Rg3 Qd4 41.Rxg4 Qxg4+ 42.Ng3 Qxb4
43.e6 Qd2+ 44.Kh3  1/2-1/2

[Event "Hrokurinn"]
[Site "Reykjavic ISL"]
[Date "2003.02.21"]
[Round "4"]
[White "Sokolov,I"]
[Black "McShane,L"]
[Result "1-0"]
[WhiteElo "2688"]
[BlackElo "2568"]

1.d4 Nf6 2.c4 e6 3.Nc3 d5 4.cxd5 exd5 5.Bg5 Be7 6.e3 O-O 7.Bd3 Nbd7 8.Nf3 Re8
9.Qc2 Nf8 10.O-O c6 11.h3 g6 12.Bh6 Ne6 13.Ne5 Ng7 14.g4 Nd7 15.f4 Bf8 16.Qf2 Nxe5
17.fxe5 Be6 18.Ne2 Be7 19.Nf4 Bh4 20.Qf3 Rf8 21.Kh2 Qe7 22.Ng2 Bg5 23.Bxg5 Qxg5
24.Rf2 f5 25.exf6 Ne8 26.Raf1 Nxf6 27.Qg3 Rae8 28.Rxf6 Rxf6 29.h4 Rxf1 30.hxg5 Rd1
31.Nf4 Rd2+ 32.Kh3 Bf7 33.Qf3 Rf8 34.b4 Rxa2 35.b5 a5 36.bxa6 bxa6 37.e4 dxe4
38.Bxe4 Ra4 39.d5 Re8 40.Nh5 gxh5 41.Bxh7+ Kf8 42.gxh5 Re7 43.g6 Rb7 44.h6 Rab4
45.g7+ Ke8 46.Bg6  1-0

[Event "Hrokurinn"]
[Site "Reykjavic ISL"]
[Date "2003.02.22"]
[Round "5"]
[White "McShane,L"]
[Black "Stefansson,H"]
[Result "1-0"]
[WhiteElo "2568"]
[BlackElo "2569"]

1.e4 e5 2.Nf3 Nc6 3.Bb5 a6 4.Ba4 Nf6 5.O-O Be7 6.Re1 b5 7.Bb3 d6 8.c3 O-O
9.h3 Bb7 10.d4 Re8 11.Nbd2 Bf8 12.d5 Nb8 13.Nf1 Nbd7 14.N3h2 Nc5 15.Bc2 c6
16.b4 Ncd7 17.dxc6 Bxc6 18.Bg5 h6 19.Bxf6 Nxf6 20.Ng4 Nxg4 21.Qxg4 d5 22.exd5 Qxd5
23.Bb3 Qd7 24.Qh5 a5 25.bxa5 Qe7 26.Ne3 Rxa5 27.Ng4 Rd8 28.Nxe5  1-0

[Event "Hrokurinn"]
[Site "Reykjavic ISL"]
[Date "2003.02.26"]
[Round "8"]
[White "McShane,L"]
[Black "Gretarsson,H"]
[Result "1-0"]
[WhiteElo "2568"]
[BlackElo "2516"]

1.e4 e5 2.Nf3 Nc6 3.Bb5 a6 4.Ba4 d6 5.c3 Bd7 6.d4 g6 7.O-O Bg7 8.Re1 Nge7
9.Be3 O-O 10.d5 Nb8 11.Nfd2 a5 12.c4 c6 13.Nc3 Na6 14.a3 f5 15.exf5 gxf5
16.f4 Ng6 17.g3 Nc5 18.Bc2 exf4 19.gxf4 cxd5 20.Nxd5 Bxb2 21.Rb1 Bg7 22.Nf3 Bc6
23.Nd4 Bd7 24.Kh1 Rb8 25.Rb6 Bxd4 26.Qxd4 Bc6 27.Rbb1 Qh4 28.Rg1 Rbe8 29.Rg2 Qh6
30.Rbg1 Ne4 31.Bc1 Qg7 32.Qb6 Qf7 33.Bb2 Bxd5 34.cxd5 Nf6 35.Qd4 Qd7 36.Rg5 Qb5
37.Bd3 Qc5 38.Bxf5 Qxd4 39.Bxd4 Ne4 40.Bxg6 hxg6 41.Rxg6+  1-0

[Event "Hrokurinn"]
[Site "Reykjavic ISL"]
[Date "2003.02.27"]
[Round "9"]
[White "Kristjansson,S"]
[Black "McShane,L"]
[Result "0-1"]
[WhiteElo "2432"]
[BlackElo "2568"]

1.e4 c5 2.c3 Nf6 3.e5 Nd5 4.d4 cxd4 5.Nf3 Nc6 6.cxd4 d6 7.Bc4 e6 8.O-O Be7
9.a3 O-O 10.Re1 Qb6 11.b4 Rd8 12.Bd3 dxe5 13.dxe5 g6 14.h4 a5 15.b5 Nd4 16.h5 Bd7
17.a4 Rac8 18.Bb2 Nf5 19.hxg6 fxg6 20.Nbd2 Nf4 21.Nc4 Qc7 22.Bxf5 Qxc4 23.Re4 Bxb5
24.Qb1 gxf5 25.Rxc4 Bxc4 26.Bc1 Bd6 27.Ba3 Bxa3 28.Rxa3 Bd5 29.Kh2 Kh8 30.Ng5 Rd7
31.Rg3 Ng6 32.Nh3 Rg7 33.f4 h6 34.Qb6 Rcg8 35.Qxa5 Kh7 36.Qe1 Nh4 37.Ng5+ hxg5
38.Rh3 Kg6 39.fxg5 Nxg2 40.Rh6+ Kxg5 41.Qd2+ f4 42.Rh3 Ne3 43.Qe1 Kf5 44.Rh5+ Rg5  0-1

[Event "Edda Rapid"]
[Site "Reykjavic ISL"]
[Date "2003.03.03"]
[Round "3"]
[White "Shirov,A"]
[Black "McShane,L"]
[Result "0-1"]
[WhiteElo "2723"]
[BlackElo "2568"]

1.e4 c5 2.Nf3 Nc6 3.Nc3 d6 4.d4 cxd4 5.Nxd4 e5 6.Nf5 Bxf5 7.exf5 Qd7 8.Bd3 d5
9.O-O Nf6 10.Bg5 Be7 11.Bb5 a6 12.Ba4 Rd8 13.Qf3 b5 14.Bb3 Nd4 15.Qh3 Qc6
16.Rfe1 Nxb3 17.cxb3 b4 18.Ne2 O-O 19.Ng3 Qd6 20.Rad1 Rfe8 21.Bxf6 Bxf6 22.Qg4 Qb6
23.Nh5 e4 24.Re3 Bxb2 25.Rg3 g6 26.Qg5 Kh8 27.Qh6 Rd6 28.Nf4 Bg7 29.Qh4 Qd8
30.Qg4 d4 31.h4 Be5 32.fxg6 fxg6 33.Rh3 Qc8 34.Qg5 Qf5 35.Ne2 d3 36.Ng3 Qxg5
37.hxg5 Bc3 38.Nf1 Rd5 39.Rg3 Ra5 40.Rg4 Rxa2 41.Ng3 e3 42.fxe3 Rxe3 43.Nf1 Re8
44.Rxd3 Rb2 45.Rd7 Rf8 46.Ne3 Rb1+ 47.Kh2 Be5+ 48.g3 Rf2+ 49.Ng2 Rbb2  0-1

[Event "Edda Rapid"]
[Site "Reykjavic ISL"]
[Date "2003.03.04"]
[Round "5"]
[White "McShane,L"]
[Black "Sutovsky,E"]
[Result "0-1"]
[WhiteElo "2568"]
[BlackElo "2651"]

1.e4 c5 2.Nf3 d6 3.Bc4 Nc6 4.d3 Nf6 5.O-O g6 6.h3 Bg7 7.a3 O-O 8.Nc3 Nd4
9.Be3 Nd7 10.Nh2 b5 11.Ba2 Nb6 12.Qd2 Bb7 13.f4 d5 14.f5 b4 15.axb4 cxb4
16.f6 bxc3 17.bxc3 exf6 18.Bxd4 h5 19.exd5 Nxd5 20.Nf3 Qc7 21.Bxd5 Bxd5 22.c4 Bc6
23.Qc3 Rfe8 24.Rf2 Re6 25.Nd2 a5 26.c5 Rd8 27.Raf1 Qg3 28.Nc4 Rde8 29.Qd2 Kh7
30.Qf4 Qxf4 31.Rxf4 Re2 32.R4f2 a4 33.Nd6 Rxf2 34.Kxf2 Ra8 35.Ra1 a3 36.c4 a2
37.Bb2 h4 38.Nxf7 Ra5 39.Nd8 Bd7 40.c6 Bf5 41.Nb7 Ra6 42.d4 Rxc6 43.c5 Ra6
44.d5 Be4 45.Rd1 Bf8 46.c6 Bxd5 47.Rxd5 Rxc6 48.Kf3 Rb6 49.Rd7+ Kg8 50.Bd4 Rb4
51.Bxf6 Rb1 52.Kg4 Rf1 53.Bc3 Rc1 54.Bf6 Rf1 55.Bc3 Bb4 56.Bb2 Rf2 57.Be5 Re2
58.Bf6 Rxg2+ 59.Kxh4 Be1+  0-1

[Event "IV Dos Hermanas Internet Final"]
[Site "ICC INT"]
[Date "2003.03.21"]
[Round "1.2"]
[White "McShane,L"]
[Black "Solak,D"]
[Result "0-1"]
[WhiteElo "2568"]
[BlackElo "2510"]

1.d4 d6 2.e4 Nf6 3.Bd3 g6 4.Nf3 Bg7 5.O-O O-O 6.c3 c5 7.h3 Nc6 8.d5 Ne5 9.Nxe5 dxe5
10.Be3 b6 11.c4 Ne8 12.f3 Nd6 13.Nc3 e6 14.a3 exd5 15.Nxd5 Be6 16.Be2 f5
17.Qd3 Qd7 18.Rad1 Rad8 19.b4 Nb7 20.Bg5 Rde8 21.Rd2 Qf7 22.Bd1 h6 23.Be3 Rc8
24.Ba4 h5 25.Bg5 Kh7 26.Qe2 Bh6 27.Nf6+ Kg7 28.Bxh6+ Kxh6 29.Nd7 Bxc4 30.Nxe5 Bxe2
31.Nxf7+ Rxf7 32.Rxe2 cxb4 33.axb4 Re7 34.Rfe1 f4 35.e5 Rc4 36.Re4 Rxe4 37.Rxe4 Kg5
38.Bb3 Nd8 39.h4+ Kxh4 40.Rxf4+ Kg3 41.Rf6 g5 42.Rf5 g4 43.Rxh5 Nc6 44.fxg4 Nxe5
45.Bd1 Nf3+ 46.Bxf3 Re1+  0-1

[Event "IV Dos Hermanas Internet Final"]
[Site "ICC INT"]
[Date "2003.03.21"]
[Round "1.1"]
[White "Solak,D"]
[Black "McShane,L"]
[Result "0-1"]
[WhiteElo "2510"]
[BlackElo "2568"]

1.e4 e5 2.Nf3 Nc6 3.Bb5 Nf6 4.Bxc6 dxc6 5.Nc3 Bd6 6.d4 exd4 7.Qxd4 c5 8.Qd3 Be7
9.Qxd8+ Bxd8 10.Bf4 b6 11.O-O-O Nh5 12.Bg5 f6 13.Be3 O-O 14.h3 g6 15.Rd2 Ng7
16.Rhd1 Ne6 17.Ne1 f5 18.exf5 gxf5 19.Bh6 Re8 20.Nd3 Bb7 21.Nf4 Bf6 22.Nxe6 Rxe6
23.Bf4 Bxc3 24.bxc3 Bxg2 25.Rd8+ Rxd8 26.Rxd8+ Kf7 27.Rd7+ Kg6 28.h4 Re4
29.Bg5 Ra4 30.Kb2 h6 31.Bd8 c6 32.a3 Bd5 33.Be7 Rf4 34.Rxa7 Rxf2 35.Rb7 Be4
36.Rxb6 c4 37.a4 Rxc2+ 38.Ka1 f4 39.a5 f3 40.a6 f2 41.Rb1 Ra2+ 42.Kxa2 Bxb1+  0-1

[Event "IV Dos Hermanas Internet Final"]
[Site "ICC INT"]
[Date "2003.03.21"]
[Round "1.3"]
[White "Solak,D"]
[Black "McShane,L"]
[Result "1/2-1/2"]
[WhiteElo "2510"]
[BlackElo "2568"]

1.e4 e5 2.Nf3 Nc6 3.Bb5 Nf6 4.Bxc6 dxc6 5.Nc3 Bd6 6.d4 exd4 7.Qxd4 c5 8.Qd3 Be7
9.Qxd8+ Bxd8 10.Bf4 Nh5 11.Bg5 f6 12.Be3 b6 13.h3 g6 14.O-O-O Ng7 15.Rd2 Ne6
16.Rhd1 Kf7 17.Ne1 Re8 18.Nd3 c6 19.Nf4 Bc7 20.Nxe6 Bxe6 21.Ne2 Rad8 22.Bf4 Rxd2
23.Rxd2 Bd8 24.Rd6 f5 25.exf5 Bxf5 26.Rd2 Be6 27.a3 Bc4 28.Kd1 Bf6 29.c3 Bb3+
30.Ke1 Bc4 31.Be3 g5 32.Ng3 Rd8 33.Ne4 Rxd2 34.Nxd2 Bd5 35.f3 c4 36.Kf2 Kg6
37.Ne4 Be7 38.Bd4 Kf5 39.g4+ Ke6 40.Be3 Bxe4 41.fxe4 Bc5 42.Bd4 Bd6 43.Kf3 Bf4
44.Be3 Bxe3 45.Kxe3 Ke5 46.a4 a5 47.Kf3 b5 48.Ke3 bxa4 49.Kf3 h6 50.Ke3 c5
51.Kf3 Ke6 52.Ke2 Ke5 53.Ke3 Ke6 54.Kf2 Ke5 55.Kf3 Ke6 56.h4 Ke5 57.hxg5 hxg5
58.Ke3 Ke6 59.Kf3 Ke5 60.Ke3 Ke6  1/2-1/2

[Event "IV Dos Hermanas Internet Final"]
[Site "ICC INT"]
[Date "2003.03.22"]
[Round "3.1"]
[White "Zarnicki,P"]
[Black "McShane,L"]
[Result "1/2-1/2"]
[WhiteElo "2536"]
[BlackElo "2568"]

1.e4 g6 2.d4 Bg7 3.Nc3 d6 4.f4 e6 5.Nf3 Ne7 6.Bd3 b6 7.O-O Nd7 8.f5 exf5
9.exf5 Nf6 10.Bg5 O-O 11.Ne4 Nxe4 12.Bxe4 d5 13.Bxe7 Qxe7 14.Bxd5 Rb8 15.fxg6 hxg6
16.c3 Ba6 17.Re1 Qd6 18.Qb3 c6 19.Bc4 b5 20.Bd3 Bc8 21.Ne5 Be6 22.Qc2 c5
23.dxc5 Qxc5+ 24.Qf2 Rfc8 25.Nxg6 b4 26.Rab1 bxc3 27.Qxc5 Rxc5 28.bxc3 Rxb1
29.Bxb1 Bxc3 30.Re4 Bf6 31.Bd3 Bxa2 32.Nf4 a5  1/2-1/2

[Event "11th Sigeman & Co"]
[Site "Malmoe SWE"]
[Date "2003.05.01"]
[Round "3"]
[White "Sutovsky,E"]
[Black "McShane,L"]
[Result "0-1"]
[WhiteElo "2652"]
[BlackElo "2592"]

1.e4 c5 2.Nc3 Nc6 3.Nf3 Nf6 4.Bb5 Qc7 5.O-O Nd4 6.Re1 a6 7.Bf1 Ng4 8.g3 Nxf3+
9.Qxf3 Ne5 10.Qd1 e6 11.f4 Nc6 12.e5 d5 13.exd6 Bxd6 14.Nd5 Qd8 15.Bg2 O-O
16.Ne3 Qd7 17.Qf3 Rb8 18.Nc4 Bc7 19.d3 Nd4 20.Qf2 b6 21.Be3 Nf5 22.Bd2 Bb7
23.Bxb7 Rxb7 24.a4 Rc8 25.Bc3 b5 26.axb5 axb5 27.Ne5 Bxe5 28.Rxe5 b4 29.Bd2 Nd4
30.Be3 b3 31.c4 f6 32.Re4 Nc2 33.Ra6 Ra7 34.Rxa7 Qxa7 35.Rxe6 Qd7 36.f5 Qxd3
37.Qf1 Qd7 38.Qe2 h6 39.Bf2 Nb4 40.Be1 Nc6 41.Bc3 Nd4 42.Bxd4 cxd4 43.Qd3 Qa4
44.Qxd4 Rxc4 45.Qd5 Kh7 46.Re2 Rc2 47.Kf2 Qa7+ 48.Kf3 Qa1 49.Qb5 Qf1+ 50.Ke3 Rxb2  0-1

[Event "11th Sigeman & Co"]
[Site "Malmoe SWE"]
[Date "2003.05.02"]
[Round "4"]
[White "McShane,L"]
[Black "Timman,J"]
[Result "1-0"]
[WhiteElo "2592"]
[BlackElo "2579"]

1.e4 c5 2.Nf3 Nc6 3.Bb5 e6 4.Bxc6 bxc6 5.d3 Ne7 6.Qe2 Qc7 7.O-O Ng6 8.Ng5 e5
9.Qh5 d5 10.Nc3 Bb7 11.f4 exf4 12.exd5 Bd6 13.Nce4 O-O-O 14.Nxd6+ Rxd6 15.Bxf4 Nxf4
16.Qg4+ Rd7 17.Rxf4 h5 18.Qf5 cxd5 19.Nxf7 Re8 20.Raf1 Kb8 21.Qxh5 Rde7 22.Qg6 Re6
23.Qxg7 d4 24.R4f2 Ka8 25.Qg3 Qb6 26.b3 a6 27.h4 Rg6 28.Ng5 Ka7 29.Rf8 Qd8
30.Rxe8 Qxe8 31.Kh2 Rh6 32.Rf7 Qe2 33.Nf3  1-0

[Event "11th Sigeman & Co"]
[Site "Malmoe SWE"]
[Date "2003.05.03"]
[Round "5"]
[White "Lindberg,Be"]
[Black "McShane,L"]
[Result "0-1"]
[WhiteElo "2392"]
[BlackElo "2592"]

1.e4 c5 2.Nf3 Nc6 3.d4 cxd4 4.Nxd4 Nf6 5.Nc3 e5 6.Ndb5 d6 7.Bg5 a6 8.Na3 b5
9.Bxf6 gxf6 10.Nd5 f5 11.Bd3 Be6 12.O-O Bxd5 13.exd5 Ne7 14.c3 Bg7 15.Qh5 e4
16.Bc2 Qc8 17.Rae1 O-O 18.Bb3 a5 19.Qg5 Qd7 20.f3 Ng6 21.fxe4 f4 22.Nb1 b4
23.cxb4 axb4 24.Nd2 Bxb2 25.Nc4 Bc3 26.Re2 Rac8 27.h4 f6 28.Qf5 Qb5 29.h5 Ne5
30.h6 Rxc4 31.Bxc4 Qxc4 32.Qe6+ Nf7 33.Qg4+ Ng5 34.Rxf4 Bd4+ 35.Kh2 Qc1 36.Rf5 Bg1+
37.Kg3 Kh8 38.Qf4 Qc3+ 39.Kh4 Bc5 40.g3 Qa1 41.Qf1 Qc3 42.Kh5 Rg8 43.Rxf6 Nh3
44.Rf5 Qxg3 45.Qa1+ Qc3 46.Qxc3+ bxc3 47.Rc2 Be3 48.a4 Nf4+ 49.Kh4 Bd2 50.Rxf4 Bxf4
51.Rxc3 Bxh6 52.a5 Ra8 53.Kh5 Bf4 54.Kg4 Be5 55.Ra3 Kg7 56.a6 Kg6 57.Ra2 h5+
58.Kf3 Ra7 59.Ra3 Kg5 60.Ra2 h4  0-1

[Event "11th Sigeman & Co"]
[Site "Malmoe SWE"]
[Date "2003.05.06"]
[Round "7"]
[White "Hillarp Persson,T"]
[Black "McShane,L"]
[Result "1/2-1/2"]
[WhiteElo "2474"]
[BlackElo "2592"]

1.Nf3 Nf6 2.c4 g6 3.Nc3 d5 4.cxd5 Nxd5 5.Qa4+ Bd7 6.Qh4 Nxc3 7.Qd4 f6 8.Qxc3 Nc6
9.a3 e5 10.d3 Bg4 11.Nd2 Qe7 12.e3 O-O-O 13.h3 Be6 14.b4 Qf7 15.Be2 Kb8 16.b5 Ne7
17.e4 g5 18.Nf3 Ng6 19.a4 h5 20.Be3 Bd6 21.a5 Qe7 22.O-O g4 23.Nd2 Nf4 24.Bxf4 exf4
25.d4 Bb4 26.Qd3 Rxd4 27.Qxd4 Rd8 28.Nb3 Rxd4 29.Nxd4 Bc8 30.a6 Qxe4 31.Rfd1 Bd6
32.Ra4 Qe5 33.axb7 Bxb7 34.hxg4 hxg4 35.Bxg4 Qg5 36.Bh3 f3 37.Nc6+ Bxc6 38.bxc6 a5
39.Re4 f5 40.Rc4 Qg6 41.Rd5 Ka7 42.Rb5 Qe6 43.Rc1 Ka6 44.Rxf5 Qh6 45.Ra1 Bb4
46.Rxf3 Qxc6 47.Rd3 Kb6 48.Bd7 Qc2 49.Rdd1 Qe2 50.Rdc1  1/2-1/2

[Event "4th IECC"]
[Site "Istanbul TUR"]
[Date "2003.05.30"]
[Round "1"]
[White "McShane,L"]
[Black "Nikolaidis,I"]
[Result "1/2-1/2"]
[WhiteElo "2592"]
[BlackElo "2498"]

1.e4 c5 2.Nf3 d6 3.c3 Nf6 4.Bd3 Bg4 5.Bc2 d5 6.d3 Nc6 7.Nbd2 e6 8.Qe2 Qc7
9.h3 Bh5 10.g4 Bg6 11.Nh4 O-O-O 12.Nxg6 hxg6 13.Kf1 Bd6 14.Kg2 Bf4 15.Nf1 g5
16.Bxf4 gxf4 17.Nh2 dxe4 18.dxe4 Ne5 19.Nf3 Nxf3 20.Qxf3 g5 21.Rad1 Nd7 22.Qe2 Ne5
23.f3 Rxd1 24.Rxd1 Rd8 25.b3 Rxd1 26.Bxd1 Qd6 27.Kf1 Kc7 28.Qc2 Qd3+ 29.Qxd3 Nxd3
30.Ke2 Ne5 31.a4 a6 32.Kd2 b5 33.axb5 axb5 34.Be2 b4 35.c4 Kd6 36.Bd1 Nc6
37.Kd3 Ke5 38.Be2 Ne7 39.Bd1 Ng6 40.Be2 Nh4 41.Bd1 Ng2 42.Be2 Ne3 43.Kd2 Kd4
44.Bd3 Ng2 45.Bf1 Nh4 46.Be2 Ng6 47.Bd1 Ne7 48.Bc2 Nc8 49.Bb1 Nd6 50.Bd3 Nb7
51.Bb1 Na5 52.Bc2 Nc6 53.Bd1 Ne5 54.Be2 f6 55.Bd1 Nd3 56.Be2 Nf2 57.Bf1 Nh1
58.Bd3 Nf2 59.Bf1 Nxe4+ 60.fxe4 Kxe4 61.Bd3+ Kd4 62.Bg6 e5 63.Bf7 e4 64.Bd5 Ke5
65.Ke2 Kd4 66.Kd2 f3 67.Bc6 e3+ 68.Ke1 f2+ 69.Ke2 Kc3 70.Bg2 Kxb3 71.Kxe3 Kxc4
72.Kxf2 Kd3 73.Bd5 c4 74.Ke1 b3 75.Be6 Kc3 76.Kd1 Kd3 77.Kc1 Kc3  1/2-1/2

[Event "4th IECC"]
[Site "Istanbul TUR"]
[Date "2003.06.03"]
[Round "5"]
[White "McShane,L"]
[Black "Gdanski,J"]
[Result "1-0"]
[WhiteElo "2592"]
[BlackElo "2506"]

1.e4 e6 2.d4 d5 3.e5 c5 4.c3 Nc6 5.Nf3 Qb6 6.Be2 Nh6 7.Bxh6 gxh6 8.Qd2 Bg7
9.O-O O-O 10.Na3 cxd4 11.cxd4 f6 12.exf6 Rxf6 13.Nc2 Bd7 14.b4 a6 15.a4 Rff8
16.Ra3 Be8 17.Re1 Ne7 18.a5 Qd6 19.Ne5 Ng6 20.Rg3 Kh8 21.Bd3 Nf4 22.Rf3 Nxd3
23.Rxf8+ Qxf8 24.Nxd3 Bg6 25.Rxe6 Qf5 26.Re3 Rc8 27.Nde1 Rc4 28.Re2 Qg5 29.Qd1 Bh5
30.f3 Kg8 31.Rd2 Bf7 32.Qe2 h5 33.Qf2 Bg6 34.h4 Qf4 35.g3 Qc7 36.Kh2 Rc3
37.Ne3 Qd6 38.N1g2 Bh6 39.Qe2 Rb3 40.Rb2 Rd3 41.Rd2 Rb3 42.Rb2 Rd3 43.b5 axb5
44.f4 Be4 45.Qxh5 b4 46.Nf5 Bxf5 47.Qxf5 Rc3 48.Re2 Rc6 49.Re5 Bg7 50.Rxd5 Qf8
51.Qd7 Rc8 52.Rb5 Rc2 53.Rxb7 Qf6 54.Qd5+ Kh8 55.Rxb4 Bf8 56.Rb8 Qg7 57.Rb7  1-0

[Event "18th North Sea Cup"]
[Site "Esbjerg DEN"]
[Date "2003.06.05"]
[Round "2"]
[White "Hansen,Cu"]
[Black "McShane,L"]
[Result "1/2-1/2"]
[WhiteElo "2610"]
[BlackElo "2592"]

1.d4 Nf6 2.c4 g6 3.Nc3 d5 4.Bg5 Ne4 5.Bh4 Nxc3 6.bxc3 dxc4 7.e3 Be6 8.Nf3 Bg7
9.Be2 b5 10.a4 c6 11.Ng5 Bd5 12.e4 h6 13.exd5 hxg5 14.Bxg5 cxd5 15.axb5 Nd7
16.Bf3 Bf6 17.Bf4 e6 18.O-O Bg5 19.Bg3 Bh4 20.Bd6 Be7 21.Bg3 Bh4  1/2-1/2

[Event "18th North Sea Cup"]
[Site "Esbjerg DEN"]
[Date "2003.06.06"]
[Round "3"]
[White "McShane,L"]
[Black "Koneru,H"]
[Result "1-0"]
[WhiteElo "2592"]
[BlackElo "2496"]

1.e4 e5 2.Nc3 Bc5 3.f4 d6 4.Nf3 Nf6 5.Bc4 Nc6 6.d3 a6 7.Rf1 Bg4 8.h3 Bxf3
9.Qxf3 Nd4 10.Qg3 Nxc2+ 11.Kd1 Nxa1 12.Qxg7 Rf8 13.fxe5 dxe5 14.Bg5 c6 15.Rxf6 Qd7
16.Rf5 f6 17.Bxf6 Qxg7 18.Bxg7 Rxf5 19.exf5 b5 20.Be6 Rd8 21.f6 Rxd3+ 22.Ke2 e4
23.Bh6 Rd4 24.f7+ Kd8 25.Bf5 Rb4 26.b3 Nxb3 27.Nxe4 Rxe4+ 28.Bxe4 Nd4+ 29.Kd3 Ne6
30.Bxc6 Ke7 31.Be4 Nf8 32.Bd5 Kf6 33.Bd2 Ne6 34.Be4 Nf8 35.Bb7 Kxf7 36.Bxa6 b4
37.Kc4 Ba7 38.Kxb4 Nd7 39.Bc4+ Ke7 40.Bd3  1-0

[Event "4th IECC"]
[Site "Istanbul TUR"]
[Date "2003.06.06"]
[Round "7"]
[White "McShane,L"]
[Black "Van Wely,L"]
[Result "0-1"]
[WhiteElo "2592"]
[BlackElo "2675"]

1.e4 c5 2.Nf3 Nc6 3.Bb5 g6 4.O-O Bg7 5.c3 Nf6 6.Re1 O-O 7.d4 d5 8.e5 Ne4
9.Bxc6 bxc6 10.Nbd2 cxd4 11.cxd4 c5 12.dxc5 Nxc5 13.Nb3 Nxb3 14.Qxb3 d4 15.Qb4 d3
16.Bg5 Re8 17.Rad1 h6 18.Bh4 a5 19.Qb3 Bf5 20.Bg3 Rb8 21.Qa3 e6 22.Nh4 Bf8
23.Qa4 Rb4 24.Qc6 Bg4 25.f3 Bh5 26.Bf2 Rxb2 27.Re4 Qc8 28.Qxc8 Rxc8 29.g4 g5
30.gxh5 gxh4 31.Rxd3 Rc1+ 32.Re1 Rcc2 33.Bd4 Rxa2 34.h3 Rg2+ 35.Kf1 Rh2 36.Rc1 Rxh3
37.Rc8 Kg7 38.Bg1 Be7 39.Rc7 Bg5 40.Rb7 Bf4 41.Rb5 Rh1 42.Rb7 Ra1+ 43.Kf2 Rhxg1
44.Rdd7 Bg3+ 45.Ke2 Rge1+  0-1

[Event "18th North Sea Cup"]
[Site "Esbjerg DEN"]
[Date "2003.06.07"]
[Round "4"]
[White "Krasenkow,M"]
[Black "McShane,L"]
[Result "0-1"]
[WhiteElo "2609"]
[BlackElo "2592"]

1.Nf3 Nf6 2.c4 g6 3.Nc3 d5 4.Qa4+ Bd7 5.Qb3 dxc4 6.Qxc4 Bg7 7.e4 Bc6 8.d3 O-O
9.Be2 Nbd7 10.O-O a5 11.e5 Nb6 12.exf6 Nxc4 13.fxg7 Kxg7 14.dxc4 Bxf3 15.Bxf3 c6
16.b3 Qc7 17.Bb2 Kg8 18.Rae1 Rad8 19.Re2 Rd7 20.Rfe1 Rfd8 21.Ba3 Qf4 22.Bxe7 Re8
23.Ba3 Rxe2 24.Rxe2 f5 25.Re3 Qd4 26.g3 Qd2 27.Be2 Kf7 28.c5 Re7 29.Bc4+ Ke8
30.Rd3 Qc2 31.Kg2 g5 32.Nd1 Rd7 33.Nb2 Rxd3 34.Nxd3 Qxa2 35.Bc1 a4 36.Bxg5 Qe2
37.Bf6 axb3 38.Nb2 Qe4+ 39.Kg1 f4 40.Bxb3 Qe1+ 41.Kg2 Qe4+ 42.Kg1 fxg3  0-1